<?xml version="1.0" encoding="UTF-8"?>
<record
    xmlns:xsi="http://www.w3.org/2001/XMLSchema-instance"
    xsi:schemaLocation="http://www.loc.gov/MARC21/slim http://www.loc.gov/standards/marcxml/schema/MARC21slim.xsd"
    xmlns="http://www.loc.gov/MARC21/slim">

  <leader>00856nam a22001337a 4500</leader>
  <datafield tag="040" ind1=" " ind2=" ">
    <subfield code="c">RUA</subfield>
  </datafield>
  <datafield tag="082" ind1=" " ind2=" ">
    <subfield code="a">LMA CHE 2017 B640 Or.1</subfield>
  </datafield>
  <datafield tag="100" ind1=" " ind2=" ">
    <subfield code="a">CHEAT CHANNITA &#x1787;&#x17B6;&#x178F;&#x17B7; &#x1785;&#x17B6;&#x1793;&#x17CB;&#x1793;&#x17B7;&#x178F;&#x17B6;</subfield>
  </datafield>
  <datafield tag="245" ind1=" " ind2=" ">
    <subfield code="a">the study on geographic information system application for state land mapping in battadombong province kingdom of cambodia &#x1780;&#x17B6;&#x179A;&#x179F;&#x17B7;&#x1780;&#x17D2;&#x179F;&#x17B6;&#x179A;&#x17A2;&#x17C6;&#x1796;&#x17B8;&#x1780;&#x17B6;&#x179A;&#x1794;&#x17D2;&#x179A;&#x17BE;&#x1794;&#x17D2;&#x179A;&#x17B6;&#x179F;&#x17CB;&#x1794;&#x17D2;&#x179A;&#x1796;&#x1793;&#x17D2;&#x1792;&#x17D0;&#x1796;&#x178F;&#x17D0;&#x1798;&#x17B6;&#x1793;&#x1797;&#x17BC;&#x1798;&#x17B7;&#x179F;&#x17B6;&#x179F;&#x17D2;&#x179A;&#x17D2;&#x178F;&#x179F;&#x1798;&#x17D2;&#x179A;&#x17B6;&#x1794;&#x17CB;&#x1780;&#x17B6;&#x179A;&#x1795;&#x179B;&#x17B7;&#x178F;&#x1795;&#x17C2;&#x1793;&#x1791;&#x17B8;&#x178A;&#x17B8;&#x179A;&#x178A;&#x17D2;&#x1781; &#x1793;&#x17C5;&#x1780;&#x17D2;&#x1793;&#x17BB;&#x1784;&#x1781;&#x17C1;&#x178F;&#x17D2;&#x178F; &#x1794;&#x17B6;&#x178F;&#x17CB;&#x178A;&#x17C6;&#x1794;&#x1784; &#x1793;&#x17C3;&#x1794;&#x17D2;&#x179A;&#x1791;&#x17C1;&#x179F;&#x1780;&#x1798;&#x17D2;&#x1796;&#x17BB;&#x1787;&#x17B6;   </subfield>
  </datafield>
  <datafield tag="260" ind1=" " ind2=" ">
    <subfield code="a">RUA</subfield>
    <subfield code="b">Phnom penh</subfield>
    <subfield code="c">2017</subfield>
  </datafield>
  <datafield tag="300" ind1=" " ind2=" ">
    <subfield code="a">x;50p</subfield>
    <subfield code="b">ill;</subfield>
    <subfield code="c">29cm</subfield>
  </datafield>
  <datafield tag="856" ind1=" " ind2=" ">
    <subfield code="u">https://drive.google.com/file/d/18hZPipJL2-LRgkvYMlsWZJfcc5uM9f82/view?usp=sharing</subfield>
  </datafield>
  <datafield tag="942" ind1=" " ind2=" ">
    <subfield code="c">LMA</subfield>
  </datafield>
  <datafield tag="999" ind1=" " ind2=" ">
    <subfield code="c">18130</subfield>
    <subfield code="d">18130</subfield>
  </datafield>
  <datafield tag="952" ind1=" " ind2=" ">
    <subfield code="0">0</subfield>
    <subfield code="1">0</subfield>
    <subfield code="2">ddc</subfield>
    <subfield code="4">0</subfield>
    <subfield code="6">LMA_CHE_2017_000000000000000_B640_OR_1</subfield>
    <subfield code="7">0</subfield>
    <subfield code="9">80892</subfield>
    <subfield code="a">LBB</subfield>
    <subfield code="b">LBB</subfield>
    <subfield code="c">B640</subfield>
    <subfield code="d">2019-08-06</subfield>
    <subfield code="l">1</subfield>
    <subfield code="o">LMA CHE 2017 B640 Or.1</subfield>
    <subfield code="p">A44761</subfield>
    <subfield code="r">2023-10-30</subfield>
    <subfield code="s">2023-07-25</subfield>
    <subfield code="w">2019-08-06</subfield>
    <subfield code="y">LMA</subfield>
  </datafield>
  <datafield tag="952" ind1=" " ind2=" ">
    <subfield code="0">0</subfield>
    <subfield code="1">0</subfield>
    <subfield code="2">ddc</subfield>
    <subfield code="4">0</subfield>
    <subfield code="6">LMA_CHE_2017_000000000000000_B640_OR_2</subfield>
    <subfield code="7">0</subfield>
    <subfield code="9">80893</subfield>
    <subfield code="a">LBB</subfield>
    <subfield code="b">LBB</subfield>
    <subfield code="c">B640</subfield>
    <subfield code="d">2019-08-06</subfield>
    <subfield code="o">LMA CHE 2017 B640 Or.2</subfield>
    <subfield code="p">A44840</subfield>
    <subfield code="r">2019-08-06</subfield>
    <subfield code="w">2019-08-06</subfield>
    <subfield code="y">LMA</subfield>
  </datafield>
  <datafield tag="952" ind1=" " ind2=" ">
    <subfield code="0">0</subfield>
    <subfield code="1">0</subfield>
    <subfield code="2">ddc</subfield>
    <subfield code="4">0</subfield>
    <subfield code="6">LMA_CHE_2017_000000000000000_B640_OR_3</subfield>
    <subfield code="7">0</subfield>
    <subfield code="9">80894</subfield>
    <subfield code="a">LBB</subfield>
    <subfield code="b">LBB</subfield>
    <subfield code="c">B640</subfield>
    <subfield code="d">2019-08-06</subfield>
    <subfield code="o">LMA CHE 2017 B640 Or.3</subfield>
    <subfield code="p">A44686</subfield>
    <subfield code="r">2019-08-06</subfield>
    <subfield code="w">2019-08-06</subfield>
    <subfield code="y">LMA</subfield>
  </datafield>
  <datafield tag="952" ind1=" " ind2=" ">
    <subfield code="0">0</subfield>
    <subfield code="1">0</subfield>
    <subfield code="2">ddc</subfield>
    <subfield code="4">0</subfield>
    <subfield code="6">LMA_CHE_2017_000000000000000_B640_OR_4</subfield>
    <subfield code="7">0</subfield>
    <subfield code="9">80895</subfield>
    <subfield code="a">LBB</subfield>
    <subfield code="b">LBB</subfield>
    <subfield code="c">B640</subfield>
    <subfield code="d">2019-08-06</subfield>
    <subfield code="o">LMA CHE 2017 B640 Or.4</subfield>
    <subfield code="p">A45099</subfield>
    <subfield code="r">2019-08-06</subfield>
    <subfield code="w">2019-08-06</subfield>
    <subfield code="y">LMA</subfield>
  </datafield>
  <datafield tag="952" ind1=" " ind2=" ">
    <subfield code="0">0</subfield>
    <subfield code="1">0</subfield>
    <subfield code="2">ddc</subfield>
    <subfield code="4">0</subfield>
    <subfield code="6">LMA_CHE_2017_000000000000000_B640_OR_5</subfield>
    <subfield code="7">0</subfield>
    <subfield code="9">80896</subfield>
    <subfield code="a">LBB</subfield>
    <subfield code="b">LBB</subfield>
    <subfield code="c">B640</subfield>
    <subfield code="d">2019-08-06</subfield>
    <subfield code="o">LMA CHE 2017 B640 Or.5</subfield>
    <subfield code="p">A44915</subfield>
    <subfield code="r">2019-08-06</subfield>
    <subfield code="w">2019-08-06</subfield>
    <subfield code="y">LMA</subfield>
  </datafield>
</record>
